• 首页
  • 本馆介绍
  • 公告通知
  • 最新文献
  • 馆藏检索
  • 电子资源
  • 读者导购
  • 参考咨询
  • 我的图书馆
  • 登录
  • 详细信息显示
  • 放入我的书架
  • 预约/预借图书
  • 作者相关作品
  • 分类相关作品
  • 丛书相关作品
  • 出版社相关作品

书目信息

  • 表格格式
  • 工作单格式
  • 卡片格式
题名:
经济转型期中国农村居民消费地区差异研究
    
 
作者: 朱振亚, 著
分册:  
出版信息: 北京   经济日报出版社  2014
页数: 214页
开本: 24cm
丛书名: 经济日报学术文库
单 册:
中图分类: F126.1
科图分类:
主题词: 经济转型期--jing ji zhuan xing qi--农民--消费--区域差异--研究--中国
电子资源:
ISBN: 978-7-80257-623-0
000 01215nam 2200265 450
001 339400
005 20150608090846.17
010    @a978-7-80257-623-0@dCNY45.00
100    @a20140616d2014 em y0chiy50 ea
101 0  @achi
102    @aCN@b110000
105    @aak a 000yy
106    @ar
200 1  @a经济转型期中国农村居民消费地区差异研究@Ajing ji zhuan xing qi zhong guo nong cun ju min xiao fei di qu cha yi yan jiu@f朱振亚著
210    @a北京@c经济日报出版社@d2014
215    @a214页@c图@d24cm
225 2  @a经济日报学术文库@Ajing ji ri bao xue shu wen ku
320    @a有书目 (第173-181页)
330    @a本书主要从导言、消费经济理论的简要回顾、农村居民消费阶段划分、消费和收入双重视角、地区间农村居民消费不平等状况的Theil指数分解、地区间农村居民消费水平差异研究、地区间农村居民消费结构差异研究、东中西部农村居民消费对GDP增长的影响差异研究、地区间农村居民消费差异成因分析、主要研究结论及政策建议几个方面, 研究了经济转型期中国农村居民消费地区差异。
410  0 @12001 @a经济日报学术文库
606 0  @a经济转型期@Ajing ji zhuan xing qi@x农民@x消费@x区域差异@x研究@y中国
690    @aF126.1@v5
701  0 @a朱振亚,@Azhu zhen ya@f1976-@4著
801  0 @aCN@b卓展宏图@c20150525
905    @dF126.1@e250@f4
    
    经济转型期中国农村居民消费地区差异研究/朱振亚著.-北京:经济日报出版社,2014
    214页:图;24cm.-(经济日报学术文库)
    
    
    ISBN 978-7-80257-623-0:CNY45.00
    本书主要从导言、消费经济理论的简要回顾、农村居民消费阶段划分、消费和收入双重视角、地区间农村居民消费不平等状况的Theil指数分解、地区间农村居民消费水平差异研究、地区间农村居民消费结构差异研究、东中西部农村居民消费对GDP增长的影响差异研究、地区间农村居民消费差异成因分析、主要研究结论及政策建议几个方面, 研究了经济转型期中国农村居民消费地区差异。
●
相关链接 在E读中查询图书 在五车中查询图书 在当当中查询图书 在豆瓣中查询图书


正题名:经济转型期中国农村居民消费地区差异研究     索取号:F126.1/250         预约/预借

序号 登录号 条形码 馆藏地/架位号 状态 备注
1 858061   208580613   第一样本阅览室/ [索取号:F126.1/250] 在馆    
2 858062   208580622   第一借阅区/ [索取号:F126.1/250] 在馆    
3 858063   208580631   第一借阅区/ [索取号:F126.1/250] 在馆    
4 858064   208580640   密集书库-海洋学院/ [索取号:F126.1/250] 在馆    
唐山师范学院图书馆 欢迎您!
大连网信软件有限公司© 版权所有